A Minecraft Movie: Characters by Picture - Statistics

General Stats
  • This quiz has been taken 101 times
  • The average score is 5 of 6
Answer Stats
Picture Answer % Correct
Steve
100%
Garret
87%
Dennis
86%
Henry
81%
Natalie
70%
Dawn
69%
No matching quizzes found
Score Distribution
Percent of People with Each Score
Percentile by Number Answered
Your Score History
You have not taken this quiz